[Event "Frauenbundesliga 2015/2016"]
[Site "Mattersburg/ St. Veit/ Graz"]
[Date "2016.04.17"]
[Round "7"]
[Board "2"]
[White "Boric, Elena"]
[Black "Schloffer, Jasmin-Denise"]
[Result "1-0"]
[WhiteElo "2208"]
[BlackElo "2028"]
[PlyCount "129"]
[EventDate "2015.11.06"]
[EventType "team"]
[EventRounds "7"]
[EventCountry "AUT"]
[WhiteTeam "ASVOE Wulkaprodersdorf"]
[BlackTeam "Spg. Feldbach-Kirchberg"]

1. e4 e5 2. Nf3 Nc6 3. Bb5 a6 4. Ba4 Nf6 5. Qe2 d6 6. c3 b5 7. Bb3 Na5 8. Bc2
c5 9. d4 Qc7 10. dxc5 dxc5 11. Bg5 Be7 12. Nbd2 c4 13. Bxf6 Bxf6 14. Nf1 Be6
15. Ne3 g6 16. O-O O-O 17. Rad1 Rad8 18. h4 Qe7 19. h5 Bg7 20. hxg6 hxg6 21.
Nd5 Bxd5 22. exd5 Qc7 23. Ng5 Nb7 24. Qg4 Bf6 25. Qh4 Bxg5 26. Qxg5 Rfe8 27.
Rfe1 Kg7 28. Re3 Qd6 29. b3 Rc8 30. bxc4 bxc4 31. Rh3 Rh8 32. Rxh8 Rxh8 33. Re1
Rh5 34. Qd2 Qf6 35. Bd1 Rh8 36. Qe2 Qh4 37. Qxe5+ Kg8 38. f3 Nc5 39. Bc2 Nd7
40. Qe4 Qh2+ 41. Kf1 Qg3 42. Kg1 Rh5 43. Re2 Ne5 44. d6 Kh7 45. d7 Nxd7 46.
Qxc4 Ne5 47. Qe4 Rf5 48. Rf2 Rh5 49. Qb7 Rh1+ 50. Kxh1 Qxf2 51. Qe4 f5 52. Qxe5
Qxc2 53. Qc7+ Kh6 54. Qc4 a5 55. Kh2 Qc1 56. Qd4 Qe1 57. c4 Kg5 58. c5 f4 59.
Qe4 Qa1 60. Qd5+ Kf6 61. c6 Qe1 62. Qe4 Qc1 63. Qd4+ Kg5 64. Qe5+ Kh6 65. c7
 1-0

[Event "Frauenbundesliga 2015/2016"]
[Site "Mattersburg/ St. Veit/ Graz"]
[Date "2016.04.17"]
[Round "7"]
[Board "3"]
[White "Wilfling, Sandra"]
[Black "Rampler, Evelyn"]
[Result "1-0"]
[WhiteElo "1835"]
[BlackElo "1840"]
[PlyCount "99"]
[EventDate "2015.11.06"]
[EventType "team"]
[EventRounds "7"]
[EventCountry "AUT"]
[WhiteTeam "Spg. Feldbach-Kirchberg"]
[BlackTeam "ASVOE Wulkaprodersdorf"]

1. d4 d5 2. Nf3 Nf6 3. c4 Bf5 4. Nc3 dxc4 5. Qa4+ Nbd7 6. Qxc4 Nb6 7. Qb5+ Bd7
8. Qb3 e6 9. Bg5 Be7 10. e4 O-O 11. Be2 Bc6 12. Qc2 h6 13. Bh4 a6 14. O-O Qe8
15. Rad1 Rd8 16. Rfe1 Na4 17. Nxa4 Bxa4 18. b3 Bb5 19. a4 Bxe2 20. Rxe2 Nd7 21.
Bg3 Bd6 22. e5 Bb4 23. Qc4 Qe7 24. Bh4 g5 25. Bg3 Nb6 26. Qd3 Nd5 27. Rc2 Rfe8
28. h4 Rd7 29. hxg5 hxg5 30. Rdc1 Kg7 31. Qe4 Rg8 32. Nh2 Ba5 33. Ng4 Rh8 34.
Nf6 Nxf6 35. exf6+ Qxf6 36. Be5 Rd5 37. Bxf6+ Kxf6 38. Rc5 Rh4 39. g4 Bd2 40.
Rxd5 Bxc1 41. Rd7 Bf4 42. f3 Bh2+ 43. Kg2 Bf4 44. d5 Rh2+ 45. Kg1 Ra2 46. dxe6
Ra1+ 47. Kf2 Ra2+ 48. Ke1 Bg3+ 49. Kf1 Ra1+ 50. Kg2 1-0

[Event "Frauenbundesliga 2015/2016"]
[Site "Mattersburg/ St. Veit/ Graz"]
[Date "2016.04.17"]
[Round "7"]
[Board "4"]
[White "Tschida, Verena"]
[Black "Horvath, Orsolya"]
[Result "0-1"]
[WhiteElo "1657"]
[BlackElo "1899"]
[PlyCount "98"]
[EventDate "2015.11.06"]
[EventType "team"]
[EventRounds "7"]
[EventCountry "AUT"]
[WhiteTeam "ASVOE Wulkaprodersdorf"]
[BlackTeam "Spg. Feldbach-Kirchberg"]

1. d4 d5 2. c4 e6 3. Nc3 Nf6 4. Bg5 Be7 5. e3 b6 6. Nf3 Nbd7 7. Rc1 Bb7 8. Be2
O-O 9. O-O c5 10. cxd5 Nxd5 11. Bxe7 Qxe7 12. Nxd5 Bxd5 13. Bc4 Bb7 14. Qe2 a6
15. Rfd1 Rfd8 16. d5 Nf8 17. dxe6 Nxe6 18. Rxd8+ Qxd8 19. Rd1 Qe7 20. Bd5 Bxd5
21. Rxd5 Nf4 22. Qc4 Nxd5 23. Qxd5 Rd8 24. Qb3 Qe6 25. Kf1 Qxb3 26. axb3 Rd3
27. b4 cxb4 28. Nd4 Rd2 29. b3 Kf8 30. Ke1 Rxd4 31. exd4 Ke7 32. Kd2 Kd6 33. f4
Kd5 34. Kd3 a5 35. f5 b5 36. g4 a4 37. bxa4 bxa4 38. h4 a3 39. Kc2 Kxd4 40. Kb3
Ke5 41. h5 Kf4 42. f6 g6 43. hxg6 hxg6 44. Kxb4 a2 45. Kc5 a1=Q 46. Kd6 Qxf6+
47. Kd7 Ke5 48. Ke8 Ke6 49. Kf8 Qh8# 0-1

[Event "Frauenbundesliga 2015/2016"]
[Site "Mattersburg/ St. Veit/ Graz"]
[Date "2016.04.17"]
[Round "7"]
[Board "1"]
[White "Novkovic, Julia"]
[Black "Trippold, Denise"]
[Result "1/2-1/2"]
[WhiteElo "2146"]
[BlackElo "2083"]
[PlyCount "67"]
[EventDate "2015.11.06"]
[EventType "team"]
[EventRounds "7"]
[EventCountry "AUT"]
[WhiteTeam "SK Dornbirn"]
[BlackTeam "SK Baden"]

1. e4 c5 2. Nf3 e6 3. d3 d5 4. Nbd2 Nc6 5. g3 Nf6 6. Bg2 Be7 7. O-O O-O 8. h3
b6 9. Re1 Bb7 10. e5 Nd7 11. c3 b5 12. d4 b4 13. Nf1 Rc8 14. Ne3 Nb6 15. Bf1
bxc3 16. bxc3 cxd4 17. cxd4 Na5 18. Bd3 Nac4 19. Ng4 Ba6 20. h4 h5 21. Nh6+
gxh6 22. Nh2 f5 23. exf6 Rxf6 24. Qxh5 Qe8 25. Qg4+ Kh8 26. Bg5 hxg5 27. hxg5
Rg6 28. Qh5+ Kg7 29. Rxe6 Rxe6 30. Qh7+ Kf8 31. Qh8+ Kf7 32. Qh5+ Kg7 33. Qh7+
Kf8 34. Qh8+ 1/2-1/2

[Event "Frauenbundesliga 2015/2016"]
[Site "Mattersburg/ St. Veit/ Graz"]
[Date "2016.04.17"]
[Round "7"]
[Board "2"]
[White "Lymysalo, Venla"]
[Black "Froewis, Annika"]
[Result "0-1"]
[WhiteElo "1756"]
[BlackElo "2061"]
[PlyCount "72"]
[EventDate "2015.11.06"]
[EventType "team"]
[EventRounds "7"]
[EventCountry "AUT"]
[WhiteTeam "SK Baden"]
[BlackTeam "SK Dornbirn"]

1. d4 d5 2. c4 c6 3. Nf3 Nf6 4. Nc3 e6 5. e3 Nbd7 6. Bd3 Bd6 7. e4 dxc4 8. Bxc4
b5 9. Bd3 e5 10. O-O a6 11. Kh1 O-O 12. dxe5 Nxe5 13. Nxe5 Bxe5 14. f4 Bd4 15.
Bc2 Ng4 16. Qe1 Qf6 17. h3 b4 18. Nd1 c5 19. e5 Qh6 20. f5 Qh5 21. Qe4 Nxe5 22.
Ne3 Rb8 23. Bd1 Bb7 24. Qxb7 Qxd1 25. Qxa6 Qd3 26. Qxd3 Nxd3 27. Nc4 Rfe8 28.
Rb1 Re2 29. Bf4 Rbe8 30. Bd6 Rc2 31. b3 Ree2 32. g4 Rxa2 33. Rf3 Nf2+ 34. Kg2
Ne4+ 35. Kh1 Nxd6 36. Nxd6 Rh2# 0-1

[Event "Frauenbundesliga 2015/2016"]
[Site "Mattersburg/ St. Veit/ Graz"]
[Date "2016.04.17"]
[Round "7"]
[Board "3"]
[White "Kurapova, Olga"]
[Black "Berger, Lisa"]
[Result "1-0"]
[WhiteElo "1910"]
[BlackElo "1640"]
[PlyCount "83"]
[EventDate "2015.11.06"]
[EventType "team"]
[EventRounds "7"]
[EventCountry "AUT"]
[WhiteTeam "SK Dornbirn"]
[BlackTeam "SK Baden"]

1. d4 d5 2. c4 e6 3. cxd5 exd5 4. Bf4 Nf6 5. Nc3 a6 6. e3 Bf5 7. Bd3 Bxd3 8.
Qxd3 Bd6 9. Bg3 Nc6 10. a3 O-O 11. Nf3 h6 12. O-O Re8 13. Nd2 Qd7 14. b4 Rad8
15. Nb3 Bxg3 16. hxg3 Qg4 17. Qe2 Qxe2 18. Nxe2 Ne4 19. Rac1 Re7 20. Nf4 Nb8
21. Rc2 c6 22. a4 g5 23. Nd3 Ree8 24. Ne5 Nd7 25. Nxd7 Rxd7 26. Nc5 Nxc5 27.
Rxc5 Rdd8 28. b5 axb5 29. axb5 Rc8 30. Rfc1 Re6 31. Rxd5 Ree8 32. Rdc5 Re6 33.
d5 Rd6 34. e4 Rcd8 35. bxc6 bxc6 36. Rxc6 Rxc6 37. Rxc6 Kg7 38. f4 g4 39. Kf2
h5 40. Ke3 f6 41. Rc7+ Kg8 42. Kd4 1-0

[Event "Frauenbundesliga 2015/2016"]
[Site "Mattersburg/ St. Veit/ Graz"]
[Date "2016.04.17"]
[Round "7"]
[Board "4"]
[White "Lasinger, Melanie"]
[Black "Karner, Sylvia"]
[Result "1-0"]
[WhiteElo "1476"]
[BlackElo "1452"]
[PlyCount "106"]
[EventDate "2015.11.06"]
[EventType "team"]
[EventRounds "7"]
[EventCountry "AUT"]
[WhiteTeam "SK Baden"]
[BlackTeam "SK Dornbirn"]

1. e4 e5 2. Nf3 Nc6 3. Bc4 Bc5 4. c3 d6 5. d3 Nf6 6. h3 a6 7. Bg5 h6 8. Bh4 O-O
9. O-O Ba7 10. Bb3 Na5 11. Bc2 c5 12. Nbd2 Nc6 13. Re1 b5 14. Nf1 Be6 15. Kh1
Kh8 16. Qd2 Nb8 17. d4 cxd4 18. cxd4 exd4 19. Nxd4 Bxd4 20. Qxd4 Nc6 21. Qd2
Ne5 22. b3 Ng6 23. Bg3 d5 24. e5 Ne4 25. Bxe4 dxe4 26. Rxe4 Re8 27. Rc1 Qxd2
28. Nxd2 Rac8 29. Ree1 Bd5 30. f4 Ne7 31. Nf1 Nf5 32. Bf2 Red8 33. Kg1 Bb7 34.
Red1 Rxd1 35. Rxd1 Bc6 36. Rc1 Kg8 37. b4 Kf8 38. g4 Ne7 39. Bc5 Ke8 40. Ne3 g6
41. a3 Be4 42. Rd1 Rd8 43. Rxd8+ Kxd8 44. Bxe7+ Kxe7 45. Nd1 Ke6 46. Nc3 Bd3
47. Kf2 f6 48. exf6 Kxf6 49. Nd5+ Ke6 50. Nc7+ Kd6 51. Nxa6 Kd5 52. Nc5 Kc4 53.
Nxd3 Kxd3 1-0

[Event "Frauenbundesliga 2015/2016"]
[Site "Mattersburg/ St. Veit/ Graz"]
[Date "2016.04.17"]
[Round "7"]
[Board "1"]
[White "Hackbarth, Christa"]
[Black "Schnegg, Anna-Lena"]
[Result "1/2-1/2"]
[WhiteElo "1845"]
[BlackElo "2149"]
[PlyCount "88"]
[EventDate "2015.11.06"]
[EventType "team"]
[EventRounds "7"]
[EventCountry "AUT"]
[WhiteTeam "Spg Steyr"]
[BlackTeam "Mayrhofen/SK Zell/Zillertal"]

1. d4 d5 2. Nf3 Nf6 3. Bf4 c5 4. c3 Nc6 5. e3 Qb6 6. Qb3 c4 7. Qxb6 axb6 8.
Nbd2 b5 9. Be2 h6 10. O-O Bf5 11. a3 e6 12. h3 Be7 13. Rfe1 O-O 14. Ne5 Ne4 15.
Nxe4 Bxe4 16. Bf3 Bxf3 17. Nxf3 g5 18. Bh2 f6 19. e4 Kf7 20. Re2 Rg8 21. Kh1 h5
22. Rae1 g4 23. Nd2 Rg6 24. h4 dxe4 25. Nxe4 f5 26. Nd6+ Bxd6 27. Bxd6 Rd8 28.
Be5 Rd5 29. g3 Rg8 30. Kg2 Re8 31. Re3 Ne7 32. R3e2 Ng8 33. Re3 Ne7 34. R3e2
Ng6 35. Re3 Red8 36. Bc7 Re8 37. Be5 Ke7 38. Bc7 Kd7 39. Be5 Kc6 40. R3e2 Rd7
41. Bf6 Kd5 42. Be5 Rf7 43. Re3 Ref8 44. Bf4 Re8 1/2-1/2

[Event "Frauenbundesliga 2015/2016"]
[Site "Mattersburg/ St. Veit/ Graz"]
[Date "2016.04.17"]
[Round "7"]
[Board "3"]
[White "Nagy, Laura"]
[Black "Mayrhuber, Nikola"]
[Result "0-1"]
[WhiteElo "1831"]
[BlackElo "1953"]
[PlyCount "86"]
[EventDate "2015.11.06"]
[EventType "team"]
[EventRounds "7"]
[EventCountry "AUT"]
[WhiteTeam "Spg Steyr"]
[BlackTeam "Mayrhofen/SK Zell/Zillertal"]

1. e4 e6 2. d4 d5 3. Nd2 Be7 4. Ngf3 Nf6 5. exd5 exd5 6. Bd3 O-O 7. O-O Bg4 8.
c3 Re8 9. Qb3 Qc8 10. Ne5 Be6 11. Ndf3 c5 12. Bb1 b6 13. Qc2 Ne4 14. Nd2 Bf5
15. Qb3 Nf6 16. Ndf3 h6 17. Be3 Bd6 18. a4 Bxb1 19. Rfxb1 Nc6 20. Nxc6 Qxc6 21.
h3 c4 22. Qc2 Ne4 23. Qc1 Qc7 24. Nh4 Bh2+ 25. Kf1 Qe7 26. Nf3 Bc7 27. Bf4 Rac8
28. Bxc7 Rxc7 29. Ne5 Qf6 30. Qc2 Rce7 31. Kg1 Qg5 32. Rd1 Re6 33. Qc1 Qh5 34.
Qe3 Qh4 35. Nf3 Qe7 36. Qc1 g5 37. Ne5 f6 38. Ng4 Qh7 39. f3 Ng3 40. Kh2 Nf5
41. Qc2 h5 42. Nf2 Re2 43. Rd2 Qc7+ 0-1

[Event "Frauenbundesliga 2015/2016"]
[Site "Mattersburg/ St. Veit/ Graz"]
[Date "2016.04.17"]
[Round "7"]
[Board "4"]
[White "Roeck, Vanessa"]
[Black "Bernhard, Julia"]
[Result "0-1"]
[WhiteElo "1616"]
[BlackElo "1789"]
[PlyCount "72"]
[EventDate "2015.11.06"]
[EventType "team"]
[EventRounds "7"]
[EventCountry "AUT"]
[WhiteTeam "Mayrhofen/SK Zell/Zillertal"]
[BlackTeam "Spg Steyr"]

1. d4 Nf6 2. Nf3 g6 3. Bf4 Bg7 4. e3 d6 5. Nbd2 Nbd7 6. Be2 Nh5 7. Bg3 Nxg3 8.
hxg3 c5 9. c3 cxd4 10. cxd4 Nb6 11. Rc1 Bd7 12. O-O O-O 13. Nc4 Rc8 14. b3 Nd5
15. Qd2 b5 16. Na3 b4 17. Nc4 Nc3 18. a3 d5 19. Nce5 a5 20. axb4 axb4 21. Rc2
f6 22. Nd3 Bb5 23. Nf4 e5 24. Bxb5 exf4 25. Rfc1 fxg3 26. fxg3 Qe7 27. Bf1 Bh6
28. Re1 Rce8 29. Qd3 Qd6 30. g4 Re7 31. Nd2 Rfe8 32. e4 dxe4 33. Qc4+ Kg7 34.
Nb1 Nxb1 35. Rxb1 Be3+ 36. Rf2 Bxf2+ 0-1

[Event "Frauenbundesliga 2015/2016"]
[Site "Mattersburg/ St. Veit/ Graz"]
[Date "2016.04.17"]
[Round "7"]
[Board "1"]
[White "Stangl, Anita"]
[Black "Hiebler, Laura"]
[Result "1/2-1/2"]
[WhiteElo "2063"]
[BlackElo "2107"]
[PlyCount "92"]
[EventDate "2015.11.06"]
[EventType "team"]
[EventRounds "7"]
[EventCountry "AUT"]
[WhiteTeam "Schach ohne Grenzen"]
[BlackTeam "SV Autohof St. Veit/Glan"]

1. e4 e6 2. Nf3 d5 3. Nc3 Nf6 4. e5 Nfd7 5. d4 c5 6. Bb5 Nc6 7. O-O Be7 8. dxc5
Bxc5 9. Na4 Be7 10. Re1 O-O 11. b3 a6 12. Bxc6 bxc6 13. Qd4 f6 14. Bb2 fxe5 15.
Nxe5 Bf6 16. Qe3 Nxe5 17. Bxe5 Bxe5 18. Qxe5 Rf5 19. Qd4 Qc7 20. Re2 e5 21. Qc5
e4 22. f3 Bd7 23. fxe4 Rh5 24. g3 Bg4 25. Rf2 dxe4 26. Qc4+ Kh8 27. Qxe4 Qe5
28. Re1 Qxe4 29. Rxe4 Bh3 30. Rfe2 Kg8 31. Re8+ Rxe8 32. Rxe8+ Kf7 33. Re2 Kg6
34. Kf2 Bg4 35. Rd2 Rxh2+ 36. Ke3 Rxd2 37. Kxd2 h5 38. Nc5 Bc8 39. Ne4 h4 40.
gxh4 Kh5 41. Ke3 Kxh4 42. Kf4 g6 43. c3 Bf5 44. Ng5 Bb1 45. a3 Bc2 46. b4 Bd1
 1/2-1/2

[Event "Frauenbundesliga 2015/2016"]
[Site "Mattersburg/ St. Veit/ Graz"]
[Date "2016.04.17"]
[Round "7"]
[Board "2"]
[White "Polterauer, Chiara"]
[Black "Anker, Christin"]
[Result "1/2-1/2"]
[WhiteElo "1962"]
[BlackElo "1822"]
[PlyCount "79"]
[EventDate "2015.11.06"]
[EventType "team"]
[EventRounds "7"]
[EventCountry "AUT"]
[WhiteTeam "SV Autohof St. Veit/Glan"]
[BlackTeam "Schach ohne Grenzen"]

1. e4 e5 2. Nf3 Nc6 3. Bc4 Bc5 4. c3 Nf6 5. d3 a6 6. Bb3 Ba7 7. Nbd2 d6 8. h3
O-O 9. Nf1 Be6 10. Ng3 h6 11. O-O d5 12. Qe2 Re8 13. Bc2 Qd7 14. Nh2 Ne7 15.
Qf3 Nh7 16. Nh5 Ng6 17. Qg3 dxe4 18. dxe4 Qe7 19. Ng4 Bxg4 20. Qxg4 Nf6 21.
Nxf6+ Qxf6 22. Bd2 Rad8 23. Rad1 Nf4 24. Bc1 Qg5 25. Qf3 Qh5 26. Qxh5 Nxh5 27.
g4 Nf4 28. Bxf4 exf4 29. Kg2 g5 30. Kf3 Kg7 31. Ba4 c6 32. Bb3 Bb6 33. Rxd8
Rxd8 34. Rd1 Rxd1 35. Bxd1 Kf6 36. Ke2 Ke5 37. f3 f6 38. Kd3 a5 39. Bb3 Be3 40.
Bf7 1/2-1/2

[Event "Frauenbundesliga 2015/2016"]
[Site "Mattersburg/ St. Veit/ Graz"]
[Date "2016.04.17"]
[Round "7"]
[Board "3"]
[White "Wunderl, Eva"]
[Black "Tarmastin, Laura"]
[Result "1/2-1/2"]
[WhiteElo "1889"]
[BlackElo "1837"]
[PlyCount "63"]
[EventDate "2015.11.06"]
[EventType "team"]
[EventRounds "7"]
[EventCountry "AUT"]
[WhiteTeam "Schach ohne Grenzen"]
[BlackTeam "SV Autohof St. Veit/Glan"]

1. e4 e5 2. Nf3 Nc6 3. Bc4 Bc5 4. c3 Nf6 5. d3 O-O 6. b4 Be7 7. Bb3 a6 8. O-O
d5 9. Re1 dxe4 10. dxe4 Qxd1 11. Bxd1 Rd8 12. Bc2 h6 13. h3 Be6 14. Nbd2 Bd6
15. Nf1 Ne7 16. Bb2 Ng6 17. Ne3 c5 18. a3 Rac8 19. Rad1 cxb4 20. cxb4 Bc7 21.
Rxd8+ Rxd8 22. Rd1 Rxd1+ 23. Nxd1 Nd7 24. Nd2 Nb6 25. Ne3 Nf4 26. Kf1 f6 27.
Bb3 Kf7 28. Bc2 Ke7 29. Nf5+ Kf7 30. Ne3 Ke7 31. Nf5+ Kf7 32. Ne3 1/2-1/2

[Event "Frauenbundesliga 2015/2016"]
[Site "Mattersburg/ St. Veit/ Graz"]
[Date "2016.04.17"]
[Round "7"]
[Board "4"]
[White "Krassnitzer, Maria"]
[Black "Kimpel, Janine"]
[Result "1/2-1/2"]
[WhiteElo "1605"]
[BlackElo "1906"]
[PlyCount "63"]
[EventDate "2015.11.06"]
[EventType "team"]
[EventRounds "7"]
[EventCountry "AUT"]
[WhiteTeam "SV Autohof St. Veit/Glan"]
[BlackTeam "Schach ohne Grenzen"]

1. d4 d5 2. Nf3 Nf6 3. Bf4 e6 4. h3 b6 5. e3 Be7 6. Be2 Bb7 7. O-O O-O 8. Nbd2
Nbd7 9. c3 Ne8 10. Bh2 Bd6 11. a3 Bxh2+ 12. Nxh2 Nd6 13. f4 Nf5 14. Rf3 Nf6 15.
Qe1 Ne4 16. Bd3 c5 17. Ng4 f6 18. Bc2 Re8 19. Nxe4 dxe4 20. Rf1 h5 21. Nh2 Qe7
22. g4 hxg4 23. hxg4 Nd6 24. Qh4 Qf7 25. dxc5 bxc5 26. b3 Kf8 27. c4 Ke7 28.
Rad1 Rh8 29. Qg3 f5 30. Rd2 Rad8 31. Rfd1 Bc6 32. Kg2 1/2-1/2

[Event "Frauenbundesliga 2015/2016"]
[Site "Mattersburg/ St. Veit/ Graz"]
[Date "2016.04.17"]
[Round "7"]
[Board "2"]
[White "Landl, Margot"]
[Black "Zechner, Andrea"]
[Result "1/2-1/2"]
[WhiteElo "1881"]
[BlackElo "1892"]
[PlyCount "61"]
[EventDate "2015.11.06"]
[EventType "team"]
[EventRounds "7"]
[EventCountry "AUT"]
[WhiteTeam "tschaturanga"]
[BlackTeam "SC Extraherb WS"]

1. e4 c6 2. d4 d5 3. Nc3 dxe4 4. Nxe4 Bf5 5. Ng3 Bg6 6. h4 h6 7. Nf3 Nd7 8. h5
Bh7 9. Bd3 Bxd3 10. Qxd3 Qc7 11. Bd2 Ngf6 12. O-O-O e6 13. Ne4 O-O-O 14. Qe2
Nxe4 15. Qxe4 Nf6 16. Qe2 Bd6 17. Kb1 c5 18. c3 Rhe8 19. Ne5 Kb8 20. g4 cxd4
21. cxd4 Nd5 22. Rh3 Rc8 23. Rc1 Qe7 24. Rhh1 Rxc1+ 25. Rxc1 Rc8 26. Rxc8+ Kxc8
27. Qf3 f6 28. Ng6 Qc7 29. Qe4 Qd7 30. f4 Nb6 31. Ba5 1/2-1/2

[Event "Frauenbundesliga 2015/2016"]
[Site "Mattersburg/ St. Veit/ Graz"]
[Date "2016.04.17"]
[Round "7"]
[Board "4"]
[White "Steiner, Magdalena"]
[Black "Mattersberger, Melanie"]
[Result "1/2-1/2"]
[WhiteElo "1738"]
[BlackElo "1637"]
[PlyCount "63"]
[EventDate "2015.11.06"]
[EventType "team"]
[EventRounds "7"]
[EventCountry "AUT"]
[WhiteTeam "tschaturanga"]
[BlackTeam "SC Extraherb WS"]

1. d4 d5 2. Nf3 Nf6 3. Bg5 e6 4. e3 Nbd7 5. Nbd2 c5 6. c3 Bd6 7. Bd3 O-O 8. O-O
h6 9. Bh4 b6 10. Re1 e5 11. dxe5 Nxe5 12. Nxe5 Bxe5 13. Nf3 Bg4 14. h3 Bh5 15.
Be2 Qd6 16. Nxe5 Bxe2 17. Nxf7 Rxf7 18. Qxe2 Ne4 19. f3 Ng3 20. Bxg3 Qxg3 21.
Qf2 Qg6 22. Rad1 Raf8 23. Kh1 Qe6 24. a3 Rf5 25. Qc2 R8f6 26. e4 Rxf3 27. gxf3
Qxh3+ 28. Qh2 Qxf3+ 29. Qg2 Qh5+ 30. Qh2 Qf3+ 31. Qg2 Qh5+ 32. Qh2 1/2-1/2